000
00284nam a2200133Ia 4500
100
_a
Lomba/N /Paul
942
_c
BK
654
_a
Programming
245
_a
Linear Programming
260
_b
Tata Mc Graw hill
_a
NEWYORK
_c
1964
082
_a
519.72
300
_a
284
546
_a
ENGLISH
999
_c
30933
_d
30933